000 00487nam a2200157Ia 4500
005 20250425043043.0
008 240331s9999 xx 000 0 und d
020 _a9789555736118
082 _bJAY
_a891
100 _aJayathunga, R(Dr)
245 0 _aSangramayan Pasu :
_bElam Yuddaye MuHUna Dun Soldadawan ge Anuwedeniy Katha
260 _aNugegoda
_bUniversity Publishers
_c2007
300 _a XX, 331 p .,
500 _aNarrative stories of soldiers who faced the Eelam war
942 _cL
999 _c5756
_d5756